[Event "Lovsprings op 09th D"]
[Site "Ringsted"]
[Date "1997.05.02"]
[Round "6"]
[White "Petersen, Torben William"]
[Black "Olsen, Brian"]
[Result "1-0"]
[WhiteElo "1330"]
[BlackElo "1514"]
[PlyCount "73"]
[EventDate "1997.03.14"]
[EventType "swiss"]
[EventRounds "7"]
[EventCountry "DEN"]
[SourceTitle "EXT 2023"]
[Source "ChessBase"]
[SourceDate "2022.10.05"]
[SourceVersion "1"]
[SourceVersionDate "2022.10.05"]
[SourceQuality "1"]

1. d4 Nf6 2. c4 e6 3. Nc3 b6 4. e4 d6 5. Bg5 Be7 6. g3 Bb7 7. Bg2 Nbd7 8. Nge2 0-0 9. 0-0 e5 10. d5 Ng4 11. Bxe7 Qxe7 12. Nc1 Nh6 13. Nd3 a6 14. f4 exf4 15. Nxf4 Ne5 16. b3 Nhg4 17. Qd2 Qg5 18. Bh3 Bc8 19. Qe2 Qh6 20. Nd1 g5 21. Bxg4 Bxg4 22. Qg2 gxf4 23. gxf4 Kh8 24. Qb2 Rg8 25. Kh1 Bf3+ 26. Rxf3 Qg6 27. Ne3 Qxe4 28. Raf1 Rg6 29. fxe5 dxe5 30. Ng2 Rag8 31. Rg3 Rxg3 32. hxg3 Rxg3 33. Rxf7 Kg8 34. Rf1 Rg5 35. Qf2 h5 36. Qf8+ Kh7 37. Rf7+ 1-0

[Event "Lovsprings op 09th D"]
[Site "Ringsted"]
[Date "1997.04.11"]
[Round "4"]
[White "Olsen, Brian"]
[Black "Nilsson, Jonas Gosta"]
[Result "0-1"]
[WhiteElo "1514"]
[BlackElo "1392"]
[PlyCount "64"]
[EventDate "1997.03.14"]
[EventType "swiss"]
[EventRounds "7"]
[EventCountry "DEN"]
[SourceTitle "EXT 2023"]
[Source "ChessBase"]
[SourceDate "2022.10.05"]
[SourceVersion "1"]
[SourceVersionDate "2022.10.05"]
[SourceQuality "1"]

1. e4 c5 2. Nf3 d6 3. d4 cxd4 4. Nxd4 Bd7 5. Nc3 g6 6. Nd5 a6 7. Be3 Bg7 8. c3 Nc6 9. Nxc6 Bxc6 10. Bb6 Qc8 11. Nc7+ Kf8 12. Nxa8 Qxa8 13. Bd3 Nf6 14. Qe2 Nd7 15. Be3 Ne5 16. 0-0-0 Nxd3+ 17. Qxd3 b5 18. Bd4 Bh6+ 19. Kb1 Bxe4 20. Bxh8 Bxd3+ 21. Rxd3 Qe4 22. Rhd1 f6 23. f3 Qe6 24. Rd4 Kg8 25. Re4 Qf5 26. Bxf6 Qxf6 27. Rde1 Qf5 28. Ka1 Bf8 29. g3 Qxf3 30. Rf4 Qd3 31. Ref1 Bg7 32. Rf7 Bf6 0-1

[Event "Lovsprings op 08th D"]
[Site "Ringsted"]
[Date "1996.04.19"]
[Round "6"]
[White "Nilsson, Jonas Gosta"]
[Black "Olsen, Brian"]
[Result "1/2-1/2"]
[WhiteElo "1270"]
[BlackElo "1364"]
[PlyCount "68"]
[EventDate "1996.03.08"]
[EventType "swiss"]
[EventRounds "7"]
[EventCountry "DEN"]
[SourceTitle "EXT 2023"]
[Source "ChessBase"]
[SourceDate "2022.10.05"]
[SourceVersion "1"]
[SourceVersionDate "2022.10.05"]
[SourceQuality "1"]

1. b4 d5 2. Bb2 Bf5 3. e3 Nd7 4. Nf3 e6 5. c4 Ngf6 6. a3 c6 7. Nc3 Bd6 8. c5 Be7 9. Be2 0-0 10. 0-0 b6 11. d4 Rb8 12. Bd3 Bxd3 13. Qxd3 bxc5 14. dxc5 Bxc5 15. Qc2 Bd6 16. Ne2 Qc7 17. Rac1 Rfc8 18. Ned4 c5 19. bxc5 Qxc5 20. Qd3 Qb6 21. Rxc8+ Rxc8 22. Rb1 Qd8 23. Nb3 Bf8 24. h3 g6 25. Ne5 Nxe5 26. Bxe5 Bxa3 27. Ra1 Bd6 28. Bb2 Rc7 29. Bc3 Qe7 30. f4 e5 31. Re1 e4 32. Qd4 Rxc3 33. Qxc3 Bb4 34. Qc8+ Kg7 1/2-1/2